La Gran Colombia y la Gran Holanda 1815-1830 : (Registro nro. 31098)

Detalles MARC
000 -LEADER
fixed length control field 03515nam a22003257a 4500
003 - CONTROL NUMBER IDENTIFIER
control field OSt
005 - DATE AND TIME OF LATEST TRANSACTION
control field 20251010161308.0
008 - FIXED-LENGTH DATA ELEMENTS--GENERAL INFORMATION
fixed length control field 251010b |||||||| |||| 00| 0 eng d
020 ## - INTERNATIONAL STANDARD BOOK NUMBER
International Standard Book Number 9789586643948
037 ## - SOURCE OF ACQUISITION
Source of stock number/acquisition Donación
040 ## - CATALOGING SOURCE
Original cataloging agency CO-JMCR
Language of cataloging spa
Transcribing agency CO-JMCR
Modifying agency CO-JMCR
Description conventions rda
041 1# - LANGUAGE CODE
Language code of text/sound track or separate title spa
Language code of original ne
082 04 - DEWEY DECIMAL CLASSIFICATION NUMBER
Classification number 986.03
Item number V26g
100 1# - MAIN ENTRY--PERSONAL NAME
Personal name Veen, Sytze van der,
Dates associated with a name 1952-
9 (RLIN) 44382
245 13 - TITLE STATEMENT
Title La Gran Colombia y la Gran Holanda 1815-1830 :
Remainder of title una relación entre sueño y realidad /
Statement of responsibility, etc. Sytze van der Ven ; traducción Diego J. Puls.
260 ## - PUBLICATION, DISTRIBUTION, ETC.
Place of publication, distribution, etc. Bogotá :
Name of publisher, distributor, etc. Banco de la República,
Date of publication, distribution, etc. 2018.
300 ## - PHYSICAL DESCRIPTION
Extent 346 páginas ;
Dimensions 24 cm.
504 ## - BIBLIOGRAPHY, ETC. NOTE
Bibliography, etc. note Incluye referencias bibliográficas (páginas 328-339) e índice.
505 0# - FORMATTED CONTENTS NOTE
Formatted contents note Presentación -- Dos grandezas y una pequeñez -- La gran Holanda: nacimiento de un reino -- Preludio de la guerra de los Quince Años -- La gran Colombia: nacimiento de una república -- Empresas rastreras -- Isla poco pacífica -- El viejo y el nuevo mundo -- El sueño del rey -- Obra en construcción -- Noticias de Colombia --- Duelo en Bogotá -- El grado superlativo de un canal -- La dictadura de la importancia -- El principio del fin -- El ocaso de la Gran Colombia -- El ocaso de la Gran Holanda -- Cabos sueltos -- Bibliografía -- Índice onomástico.
520 3# - SUMMARY, ETC.
Summary, etc. La Gran Holanda fue la unión de Holanda y Bélgica y solo existió durante quince años: se originó en 1815 y desapareció en 1830, cuando las belgas se separaron. Fue, pues, un fenómeno contemporáneo con la Gran Colombia, que se constituyó en 1819 y desapareció asimismo en 1830, poco antes de la muerte de Bolívar, a causa de la separación de Venezuela y Ecuador. La Gran Holanda nació como una monarquía; la Gran Colombia, como una república. Guillermo I el rey del Estado transitorio, aparece en esta historia como el polo opuesto de Bolívar, el presidente de la república original. Entre Guillermo I y Guillermo Alejandro, el actual rey de los países bajos, hay una distancia de siete generaciones. Este libro describe el poco conocido acercamiento entre la Gran Colombia y la Gran Holanda, que en 1830 se vio bruscamente interrumpido por los problemas internos de ambos países. Los primeros contactos surgieron durante la guerra de Independencia, cuando agentes colombianos compraron armas en Holanda. Un nexo evidente fue la isla holandesa de Curazao, situada frente a la costa grancolombiana; Guillermo I abrigaba el sueño de convertirla en el puerto central del comercio holandés con Latinoamérica, especialmente con la Gran Colombia. Esa misma idea fue el motivo subyacente para el reconocimiento de la nueva república. Los documentos que se conservan en el Archivo Nacional de los países bajos, en la época. La relación entre la Gran Colombia y la Gran Holanda es una historia inacabada, debido al hundimiento simultáneo de ambos “superestados” en 1830. Pero, como escribió el poeta holandés Jan Hendrik Leopold ( 1865 – 1925 ), lo inacabado alberga una riqueza.
534 ## - ORIGINAL VERSION NOTE
Introductory phrase Título original :
Title statement of original Groot Nederland & Groot Colombia 1815-1830. De Droom van Willem I.
546 ## - LANGUAGE NOTE
Language note Traducido del neerlandés
650 #7 - SUBJECT ADDED ENTRY--TOPICAL TERM
Topical term or geographic name entry element Holandeses en Colombia
General subdivision Historia.
Source of heading or term JMCR
9 (RLIN) 44383
651 #7 - SUBJECT ADDED ENTRY--GEOGRAPHIC NAME
Geographic name Colombia
General subdivision Historia
Chronological subdivision Guerra de independencia, 1810-1819
Source of heading or term JMCR
9 (RLIN) 44384
651 #7 - SUBJECT ADDED ENTRY--GEOGRAPHIC NAME
Geographic name Holanda
General subdivision Historia
Source of heading or term JMCR
9 (RLIN) 44385
700 1# - ADDED ENTRY--PERSONAL NAME
Personal name Puls, Diego Juan,
Dates associated with a name 1956-
Relator term traductor.
9 (RLIN) 44386
700 1# - ADDED ENTRY--PERSONAL NAME
Personal name Guerra, Weildler,
Relator term prologuista.
9 (RLIN) 44387
942 ## - ADDED ENTRY ELEMENTS (KOHA)
Source of classification or shelving scheme Dewey Decimal Classification
Koha item type Books
949 ## - LOCAL PROCESSING INFORMATION (OCLC)
a c
b c
Existencias
Withdrawn status Lost status Source of classification or shelving scheme Damaged status Not for loan Collection code Home library Current library Shelving location Date acquired Total Checkouts Full call number Barcode Date last seen Copy number Price effective from Koha item type
    Dewey Decimal Classification     Non-fiction Biblioteca Pública José María del Castillo y Rada Biblioteca Pública José María del Castillo y Rada Book Cart 10/10/2025   986.03 V26g 201812633 10/10/2025 Ej.1 10/10/2025 Books